Những điều cần biết về đất - biển- trời Việt Nam

Tallennettuna:
Bibliografiset tiedot
Päätekijä: Lưu, Văn Lợi
Aineistotyyppi: Kirja
Kieli:Undetermined
Julkaistu: Thành phố Hồ Chí Minh Thanh Niên 2007
Aiheet:
Tagit: Lisää tagi
Ei tageja, Lisää ensimmäinen tagi!
Thư viện lưu trữ: Trung tâm Học liệu Trường Đại học Cần Thơ
LEADER 00574nam a2200193Ia 4500
001 CTU_128438
008 210402s9999 xx 000 0 und d
020 |c 46500 
082 |a 959.7 
082 |b L462 
100 |a Lưu, Văn Lợi 
245 0 |a Những điều cần biết về đất - biển- trời Việt Nam 
260 |a Thành phố Hồ Chí Minh 
260 |b Thanh Niên 
260 |c 2007 
650 |a Viet Nam,Viet Nam 
650 |x Maps,History 
904 |i Minh 
980 |a Trung tâm Học liệu Trường Đại học Cần Thơ